000 00924nam a2200217 i 4500
001 166170
003 ES-MaACL
005 20230906213258.0
008 050908s1846 sp |||| | spa d
100 1 _aTerradillos, Ángel María.
_9133185
245 1 4 _aLas páginas de la infancia, o sea El libro de los deberes de los niños /
_cpor Ángel María Terradillos.
250 _a3ª ed. mejorada, corr. y aum.
260 _aMadrid :
_b[s.n.],
_c1846 (
_fImp. de la Viuda de Jordán e Hijos)
300 _a127, [1] p. ;
_c15 cm.
490 1 _aColección selecta de prontuarios elementales ;
_v3
650 4 _aEnseñanza primaria-
_vLibros escolares.
_912307
740 3 2 _aEl libro de los deberes de los niños.
830 1 _aColección selecta de prontuarios elementales ;
_v3
_9188602
852 4 _aES-MaACL
_jT-27-F-2
_z- Enc. hol., falto de cub. original
_z- Enc. en un vol. facticio
999 _c166170
_d166170